000 00679nam a2200229Ii 4500
003 JO-AjNU
008 230605s9999||||xx |||||||||||||| ||und||
017 _a2006/1/1975
020 _a978-9957-00-523-8
040 _aJO-AjNU
_bara
_erda
_cJO-AjNU
041 _aara
050 1 4 _aLB1060.Z3442 2010
100 3 _aالزغول،عماد عبد الرحيم,
_eauthor
_931190
245 0 0 _aنظريات التعلم
250 _aط1
264 3 1 _aعمان:دار الشروق،2010
300 _a295ص
336 _atext
_btxt
_2rdacontent
337 _aunmediated
_bn
_2rdamedia
338 _avolume
_bnc
_2rdacarrier
650 4 _aعلم النفس التربوي
_931191
999 _aA12448
_c16016
_d16016